| 000 | 01148nam0a2200253 4500 | ||
|---|---|---|---|
| 001 | RU\NLR\BIBL_A\010472230 | ||
| 005 | 20260406154423.0 | ||
| 035 | _a(NLR Aleph) 010472230 | ||
| 090 |
_a10025656 _c10025656 |
||
| 100 | _a20141003d1952 |||y0rusy50 ca | ||
| 101 | 0 | _asah | |
| 102 | _aRU | ||
| 105 | _ac|||||||||||| | ||
| 200 | 1 |
_aПартия XIX съеһигэр БСК(б)П Киин Комитетин үлэтин туhунан отчуотунай дакылаат _fГ. Маленков |
|
| 210 |
_aЯкутскай _cСаха сиринээҕи кинигэ изд-вота _d1952 |
||
| 215 |
_a114,[2] с. _cпортр. _d20 |
||
| 541 | 1 |
_aОтчетный доклад XIX съезду партии о работе Центрального комитета ВКП(б) _zrus |
|
| 601 | 1 | 2 |
_aКПСС. Съезд, 19-й. Москва, 1952 _91510834 _3RU\NLR\AUTH\66655835 |
| 686 | 1 | _aФ61(2)11 | |
| 700 | 1 |
_4070 _8rus _7ca _aМаленков _bГ. М. _f1902-1988 _gГеоргий Максимилианович _3RU\NLR\AUTH\777126 _9117065 |
|
| 852 |
_aNLR _bОНЛ _jЯкут./2-543 |
||
| 942 | _cBOOK | ||
| 980 | _aNB | ||